| 000 | 01439cam a22004574i 4500 | ||
|---|---|---|---|
| 003 | PE-LiUPU | ||
| 005 | 20250731172906.0 | ||
| 008 | s2013 sp rb 001 0 spa d | ||
| 020 | _a8499456286 | ||
| 020 | _a9788499456287 | ||
| 035 | _a(Sirsi) a166523 | ||
| 040 |
_aPE-LiUPU _bspa _cPE-LiUPU _erda |
||
| 049 | _aPRUA | ||
| 082 | 0 | 4 |
_a220 _bC28 _221 |
| 100 | 1 |
_aCarbajosa, Ignacio, _eautor. |
|
| 245 | 1 | 2 |
_aLa Biblia en su entorno / _cIgnacio Carbajosa. |
| 264 |
_aEstella : _bVerbo Divino, _c2013. |
||
| 300 |
_a652 páginas ; _c25 centimetros. |
||
| 336 |
_atext _2rdacontent |
||
| 337 |
_aunmediated _2rdamedia |
||
| 338 |
_avolume _2rdacarrier |
||
| 504 | _aBibliografías 541-542. | ||
| 505 | 0 | 4 | _aPrimera Parte: Geografía y Arqueología Bíblicas -- Parte Segunda: Historia Social y Religiosa de Israel en los tiempos bíblicos -- Parte Tercera: El texto de la biblia y la crítica textual. |
| 526 | _aSEG42 | ||
| 526 | _aSEG41 | ||
| 526 | _aSEG40 | ||
| 526 | _aSEG39 | ||
| 526 | _aP94 | ||
| 526 | _aP87 | ||
| 526 | _aP86 | ||
| 526 | _aP85 | ||
| 526 | _aP77 | ||
| 526 | _aP76 | ||
| 526 | _aP35 | ||
| 630 | 0 | 4 |
_aBiblia _xCrítica e interpretación. |
| 700 | 1 |
_aGonzalez Echegaray, Joaquín., _eautor. |
|
| 700 | 1 |
_aVaro Francisco., _eautor |
|
| 942 |
_2ddc _cBOOK |
||
| 999 |
_c15268 _d15268 |
||
| 980 |
_81 _gALBERTO SANCHEZ Responsable de Automatización |
||